000 00441nam a2200169 a 4500
005 20140310183437.0
008 080304s19uu xx 00 eng d
020 _a0821772872
050 _aPZ 7
_b.D761 2003
100 _aDrake, Shannon
245 _aThe lion in glory /
_cShannon Drake.
260 _aNew York :
_bKengsington Publishing Corp,
_c2003.
300 _a558 p. :
650 _aFiction.
942 _cBK
_2lcc
999 _c22947
_d22947